| 000 | 01635nam a2200385Ia 4500 | ||
|---|---|---|---|
| 001 | ebr10626206 | ||
| 003 | CaPaEBR | ||
| 006 | m u | ||
| 007 | cr cn||||||||| | ||
| 008 | 120426s2013 maua sb 001 0 eng d | ||
| 010 | _z 2012015463 | ||
| 020 | _z9780262018388 (hardcover : alk. paper) | ||
| 020 | _z9780262305952 | ||
| 040 |
_aCaPaEBR _cCaPaEBR |
||
| 035 | _a(OCoLC)818734334 | ||
| 050 | 1 | 4 |
_aQP461 _b.H85 2013eb |
| 082 | 0 | 4 |
_a612.8/54 _223 |
| 100 | 1 |
_aHui, Alexandra, _d1980- |
|
| 245 | 1 | 4 |
_aThe psychophysical ear _h[electronic resource] : _bmusical experiments, experimental sounds, 1840-1910 / _cAlexandra Hui. |
| 260 |
_aCambridge, Mass. : _bMIT Press, _cc2013. |
||
| 300 |
_axxii, 233 p. : _bill. |
||
| 490 | 1 | _aTransformations : studies in the history of science and technology | |
| 504 | _aIncludes bibliographical references and index. | ||
| 533 |
_aElectronic reproduction. _bPalo Alto, Calif. : _cebrary, _d2011. _nAvailable via World Wide Web. _nAccess may be limited to ebrary affiliated libraries. |
||
| 650 | 0 |
_aPsychoacoustics _xHistory _y19th century. |
|
| 650 | 0 |
_aPsychoacoustics _xHistory _y20th century. |
|
| 650 | 0 |
_aSound _xExperiments _xHistory _y19th century. |
|
| 650 | 0 |
_aSound _xExperiments _xHistory _y20th century. |
|
| 650 | 0 |
_aAvant-garde (Music) _xHistory _y19th century. |
|
| 650 | 0 |
_aAvant-garde (Music) _xHistory _y20th century. |
|
| 655 | 7 |
_aElectronic books. _2local |
|
| 710 | 2 | _aebrary, Inc. | |
| 830 | 0 | _aTransformations (M.I.T. Press) | |
| 856 | 4 | 0 |
_uhttp://site.ebrary.com/lib/rucke/Doc?id=10626206 _zAn electronic book accessible through the World Wide Web; click to view |
| 999 |
_c50744 _d50744 |
||